[Event "EYCC Open U12 2018"]
[Site "Riga"]
[Date "2018.08.23"]
[Round "4"]
[White "Maurizzi, Marc Andria"]
[Black "Razafindratsima, Timothe"]
[Result "0-1"]
[WhiteElo "2141"]
[BlackElo "1978"]
[Annotator "TA"]
[PlyCount "184"]
[EventDate "2018.08.20"]
[EventType "swiss"]
[EventCountry "LAT"]
[SourceTitle "playchess.com"]
[Source "ChessBase"]
[SourceQuality "1"]

{[%evp 10,184,3,-8,23,16,17,10,10,11,13,13,21,21,37,40,41,31,49,31,50,0,0,-25,-13,-27,0,-5,-11,-32,-25,-22,4,7,10,0,0,0,0,24,14,0,18,6,27,0,0,6,47,43,61,32,56,29,91,47,168,-29,86,52,154,161,282,282,287,153,354,199,206,212,226,238,234,233,490,503,584,374,649,404,404,403,400,401,404,218,257,211,462,450,448,448,682,682,682,671,682,682,682,652,628,632,567,569,881,720,1227,747,770,768,735,735,720,720,720,720,713,713,713,44,52,0,699,696,699,699,699,684,1102,1101,1014,987,948,922,881,0,866,836,825,825,731,577,564,134,134,134,195,134,195,195,195,195,204,204,196,134,1118,885,608,163,163,163,196,134,140,148,195,195,195,195,195,195,195,195,206,134,134]} 1. d4 Nf6 2. Bf4 g6 3. Nc3 d5 4. e3 Bg7 5. h4 h5 6. Nf3 {LiveBook: 23 Games. A45: Trompowsky Attack} Bf5 7. Ne5 c6 8. Qd2 {The position is equal.} Nbd7 9. f3 Nxe5 $146 ({Predecessor:} 9... a5 10. O-O-O a4 11. a3 {1-0 (47) Naiditsch,A (2701)-Sammed Jaykumar,S (2337) New Delhi 2018}) 10. Bxe5 b5 11. Be2 Qc8 12. O-O-O a5 {[%cal Ba7a5,Ba5a4,Ba4a3][%mdl 32]} 13. Rdg1 Rh7 14. Re1 Qb7 15. Bf1 Bh6 16. Bf4 Bxf4 17. exf4 a4 18. a3 b4 19. axb4 a3 20. b3 a2 21. Kb2 $1 {next Na4 is good for White.} Qxb4 22. Ka1 Kd7 23. Bd3 e6 24. Bxf5 gxf5 25. Re2 Qa3 26. Na4 {Strongly threatening Nb6+.} Kc7 27. Nc5 Nd7 28. Nd3 Rhh8 29. Qc3 Rhb8 30. Rd1 (30. g4 $5) 30... Ra7 31. g3 (31. g4 $5) 31... Ra5 (31... Qa5 $11 32. Qxa5+ Rxa5) 32. Re3 Ra6 (32... Rab5 $14) 33. Qb2 $2 (33. g4 $1 $18) 33... Qe7 (33... Qxb2+ $11 {remains equal.} 34. Nxb2 Kd6) 34. Re2 c5 ({Better is} 34... Qa3 $14) 35. dxc5 $16 Nxc5 (35... Qf6 {was worth a try.} 36. Qxf6 Nxf6) 36. Qe5+ $1 $18 Kc8 {[#]} 37. Qxd5 $3 {[%mdl 512]} Ra5 $2 (37... Qf6+ $16 38. Qe5 Qxe5+ 39. fxe5 (39. Rxe5 Nxd3 40. Rxd3 Kc7 $14) (39. Nxe5 f6 $16) 39... Nd7) (37... exd5 38. Rxe7) 38. Nxc5 (38. Qc6+ $142 Qc7 39. Ne5) 38... Rxc5 39. Qd4 Qc7 {aiming for ...Rd5.} 40. Qd3 Rb6 41. c4 Ra6 $2 (41... Rcc6 42. Red2 (42. Rxa2 Rd6 $16) 42... Kb7 43. Kxa2 Ra6+ 44. Kb2 Qa5) 42. Red2 Ra8 43. Qd8+ Kb7 $2 (43... Qxd8 44. Rxd8+ Kb7 45. Rxa8 Kxa8 46. Rd8+ Kb7 47. Kxa2 Rc7) 44. Qf6 {Rd7 is the strong threat.} Qb6 {Now ...Rc7 and Black clings on.} 45. Qxf7+ Rc7 46. Qf6 Ra3 47. Qf8 (47. Qh8 $142) 47... Ra8 48. Qd6 Qa5 $2 (48... Qxd6 49. Rxd6 Rg7) 49. Qxe6 Qc3+ 50. Rb2 Ra3 (50... Qxf3 $142 51. Qe1 Re8 52. Qxe8 Qxd1+ 53. Kxa2 Rc6 54. Qf7+ Kb8 55. Qg8+ Kb7 56. Qh7+ Kb8 57. Qg8+ Ka7 58. Qg7+ Ka8 59. Qg8+ Ka7 60. Qg7+ Ka8 61. Qg8+ Ka7) 51. Qd5+ Kb8 52. Qb5+ Ka7 53. Qe5 Qxe5 54. fxe5 {[%mdl 4096] Endgame KRR-KRR} Kb6 55. Rxa2 Rxb3 56. Rb2 Rxb2 57. Kxb2 Rxc4 {KR-KR} 58. Kb3 Kc5 59. f4 Re4 60. Kc3 Re3+ 61. Rd3 Re2 62. Rf3 Kd5 63. Kd3 Ra2 64. Ke3 $2 (64. Re3 $18 {Hoping for Re2.} Kc5 65. Kc3) 64... Rg2 $14 65. Kd3 $2 {[%mdl 8192]} (65. Rf1 $14 Rxg3+ 66. Kf2) 65... Ra2 $1 $18 66. Re3 Ke6 67. Kc4 Rc2+ 68. Rc3 Rd2 69. Rd3 Rc2+ 70. Kd4 Rg2 71. Rc3 Kd7 72. Rd3 Ke6 73. Kc3 Ke7 74. Kc4 Rc2+ 75. Kd5 Rg2 76. e6 $2 (76. Ra3 $18 {has better winning chances.}) 76... Re2 $16 77. Ra3 Kf6 {[#]} (77... Rxe6 $16 {is a better defense.} 78. Ra7+ Kf6) 78. Ra7 (78. Ra8 $1 $18 {[%cal Ra8f8] And now Rf8+ would win.} Rd2+ 79. Kc4) 78... Rd2+ (78... Rxe6 $16 {keeps fighting.} 79. Rh7 Re3) 79. Kc4 $18 Kxe6 80. Rh7 Rc2+ 81. Kd4 Rg2 {[#]} 82. Rh6+ (82. Rg7 $1 $18) 82... Ke7 $2 {[%mdl 8192]} (82... Kf7 $16 83. Ke5 (83. Rxh5 Rxg3 84. Ke5 Ra3 $18) 83... Rxg3 84. Rxh5 (84. Kxf5 Kg7 $16) 84... Ra3) 83. Ke5 Rxg3 84. Rh7+ $2 (84. Rxh5 Kf7 85. Kxf5) 84... Kf8 {White is clearly better.} 85. Kxf5 Ra3 86. Rxh5 (86. Kg5 $18) 86... Kg7 $16 87. Rg5+ Kf7 88. Rg2 Ra5+ 89. Kg4 Kg6 90. Re2 Ra6 91. h5+ Kh6 92. Kf5 {Re6+ would kill now.} Ra8 {[%mdl 32768] Precision: White = 49%, Black = 30%. . Loss on Time!?} 0-1

[Event "EYCC Open U12 2018"]
[Site "Riga"]
[Date "2018.08.23"]
[Round "4"]
[White "Mitusov, Semen"]
[Black "Murzin, Volodar"]
[Result "0-1"]
[WhiteElo "2140"]
[BlackElo "2306"]
[Annotator "TA"]
[PlyCount "134"]
[EventDate "2018.08.20"]
[EventType "swiss"]
[EventCountry "LAT"]
[SourceTitle "playchess.com"]
[Source "ChessBase"]
[SourceQuality "1"]

{[%evp 11,134,-30,-20,-39,-5,-30,0,-14,-11,-71,-67,-81,-81,-75,-93,-112,-61,-74,-80,-72,-66,-94,-99,-104,-104,-105,-104,-105,-105,-105,-105,-103,-101,-103,-108,-108,-108,-108,-107,-108,-101,-95,-99,-90,-73,-108,-108,-108,-108,-108,-108,-107,-96,-108,-108,-108,-108,-107,-93,-108,-108,-108,-108,-108,-108,-108,-108,-143,-137,-212,-198,-246,-243,-236,-230,-240,-210,-224,-235,-338,-346,-327,-309,-29971,-29973,-29971,-29972,-29976,-29977,-29989,-29945,-29965,-29965,-29959,-29968,-29971,-29970,-29974,-29976,-29973,-29976,-29967,-29968,-29966,-29966,-29964,-4134,-12786,-1353,-29983,-29984,-29983,-1201,-1454,-1301,-675,-588,-29983,-29941,-29985,-29986,-29986,-29986,-29987,-29987]} 1. d4 Nf6 2. Nc3 d5 3. Bf4 c5 4. e3 a6 (4... cxd4 5. exd4 a6 6. Nf3 Bg4 7. h3 Bxf3 8. Qxf3 Nc6 9. O-O-O e6 10. g4 Bd6 11. Kb1 Bxf4 12. Qxf4 Rc8 13. h4 {0-1 (38) Nabaty,T (2657)-Jones,G (2654) London 2017}) 5. Qd2 cxd4 6. exd4 {D00: 1 d4 d5: Unusual lines} Nc6 {LiveBook: 3 Games} 7. a3 e6 8. Nge2 {The position is equal.} Bd6 $146 ({Predecessor:} 8... h5 9. f3 Qb6 10. Be3 Na5 11. Nf4 Bd6 12. b4 Nc4 13. Bxc4 dxc4 {½-½ (21) Dely,P-Flesch,J Budapest 1963}) 9. Bxd6 Qxd6 10. f4 (10. g3 $11 {remains equal.}) 10... Bd7 $17 11. Ng1 Ne4 12. Nxe4 dxe4 13. Rd1 Rd8 (13... Ne7 $17 {Hoping for ...Rc8.} 14. Ne2 Rc8) 14. Bc4 O-O 15. Ne2 Ne7 16. Ng3 Bc6 17. O-O f5 18. Rf2 b5 19. Bb3 Bd5 20. Bxd5 Nxd5 21. Nf1 Rc8 22. g3 Rc4 23. Ne3 Nxe3 24. Qxe3 Rfc8 25. c3 Qd5 26. Rc1 a5 27. Rfc2 R4c6 28. Kf2 {[#]} b4 $1 {[%mdl 512]} 29. axb4 axb4 30. Qe2 bxc3 31. bxc3 Rb6 32. Ke3 Rb3 33. Qd2 Ra8 34. Kf2 Raa3 35. Qe3 Kf7 36. Ke1 Ke7 37. Kf2 h5 38. Qe2 g6 39. h3 Kd6 40. Ke1 (40. g4 $17 {was worth a try.}) 40... Qc6 $19 41. Kd2 Kd5 42. g4 hxg4 43. hxg4 Qc7 44. Qe3 Qc4 45. gxf5 (45. Qe2 {was called for.}) 45... gxf5 46. Qg3 Rb7 47. Rd1 $2 {[#]} (47. Ke1 $19 Qd3 48. Qxd3 exd3 49. Rh2) 47... Ra2 48. Rdc1 Rbb2 49. Qe3 Qb3 50. Rxb2 Rxb2+ {[%mdl 4096] Endgame KQR-KQR} 51. Ke1 Rc2 52. Rxc2 Qxc2 {KQ-KQ} 53. Kf1 Kc4 54. d5 Qd1+ 55. Kf2 exd5 56. Qb6 Qf3+ 57. Kg1 Qxc3 58. Qa6+ Kc5 (58... Kb3 $142 59. Qe6 Qd2 60. Qb6+ Kc2 61. Qb7 Qe3+ 62. Kg2 Qe2+ 63. Kg1 Qg4+ 64. Kh1 d4 65. Qc8+ Kd1 66. Qc7 d3 67. Qb6 Ke2 68. Qb5 e3 69. Qb2+ d2 70. Qd4 Kf2 71. Qxe3+ Kxe3 72. Kh2 Kf2 73. Kh1 Qh5#) 59. Qc8+ Kd4 60. Qxf5 Qg3+ 61. Kh1 Qf3+ (61... e3 $142 62. Qe5+ Kd3 63. Qf5+ Ke2 64. Qc2+ Kf1 65. Qb1+ Kf2 66. Qc2+ e2 67. Qc5+ Kf1 68. Qc1+ e1=Q 69. Qxe1+ Qxe1 70. Kh2 Qh4#) 62. Kg1 Qd1+ 63. Kh2 Ke3 {Threatens to win with ...Qe2+.} 64. Qg5 {intending f5+.} Qe2+ {Black mates.} 65. Kh3 Qf3+ 66. Qg3 Qxg3+ 67. Kxg3 Kd2 {Precision: White = 42%, Black = 80%.} 0-1

[Event "EYCC Open U12 2018"]
[Site "Riga"]
[Date "2018.08.23"]
[Round "4"]
[White "Siniauski, Artsiom"]
[Black "Safin, Robert"]
[Result "1/2-1/2"]
[WhiteElo "2081"]
[BlackElo "2156"]
[Annotator "TA"]
[PlyCount "103"]
[EventDate "2018.08.20"]
[EventType "swiss"]
[EventCountry "LAT"]
[SourceTitle "playchess.com"]
[Source "ChessBase"]
[SourceQuality "1"]

{[%evp 24,103,26,18,21,23,20,0,20,24,43,29,37,35,39,38,45,38,33,24,21,18,26,12,17,16,26,14,61,45,87,83,73,62,66,31,41,31,89,0,0,0,0,-502,47,55,41,25,39,0,0,0,0,0,0,0,0,0,0,-4,0,-1,0,0,0,0,0,-4,0,0,0,0,0,0,0,0,0,0,0,0,0,0]} 1. e4 c5 2. Nf3 Nc6 3. Bb5 g6 4. Bxc6 bxc6 5. O-O Bg7 6. Re1 Nh6 7. c3 O-O 8. d4 cxd4 9. cxd4 d6 10. h3 f6 {B31: Sicilian: 2...Nc6 3 Bb5 g6} 11. b3 Nf7 12. Bb2 e5 13. Nbd2 {LiveBook: 5 Games} Be6 14. Rc1 {[#]} Rc8 $146 ({Predecessor:} 14... Qb6 15. dxe5 fxe5 16. Re3 Bh6 17. Rec3 Rac8 18. Qc2 {1-0 (50) Hracek,Z (2586)-Jakubiec,A (2518) Czechia 2001}) 15. Qe2 Qe7 16. Qa6 Qd7 17. Rc2 Bh6 18. Ba3 Rfe8 19. dxe5 dxe5 20. Bc5 Rc7 21. Be3 (21. Rec1 {looks sharper.} Qc8 22. Qe2 Qb7 23. Be3 Bf8 24. Ne1) 21... Bxe3 22. Rxe3 {[%cal Be1e3,Be3c3,Bc3c5][%mdl 32]} Qc8 23. Qa4 Nd6 24. Rec3 {[%cal Rc3c6]} Nb5 25. Rc5 Rd8 26. Qa5 Nd4 27. Nxd4 Rxd4 28. b4 a6 29. a4 Qd7 $1 30. Qb6 Rd6 {[#]} (30... Rb7 $14 31. Qxc6 Rd6 32. Qxd7 Bxd7) 31. b5 (31. Nc4 $1 $16 {[%cal Rc4d6]} Bxc4 32. R5xc4 (32. R2xc4 Rb7 $11)) 31... axb5 $11 32. axb5 {[%cal Rc5c6]} Rb7 33. Qxc6 $2 {[%mdl 8192]} (33. bxc6 $11 {and White has nothing to worry.} Rxb6 34. cxd7 Rxd7 35. f3) 33... Qxc6 $2 ({Inferior is} 33... Rxc6 34. bxc6 Qg7 35. cxb7 $16) ({Better is} 33... Qe7 $19 34. Nf1 Rxc6 35. bxc6 Rb1) 34. Rxc6 $14 ({Don't do} 34. bxc6 $6 Rc7 $16) 34... Rxc6 35. bxc6 $11 {[%mdl 4096] Endgame KRB-KRN} Rc7 36. Nb1 Bf7 $1 {The position is equal.} 37. Na3 {[#] Strongly threatening Nb5.} Be8 38. Nb5 (38. f3 {feels hotter.} Kf7 39. Kf2 Rxc6 40. Rb2 Ke6 41. Nc2) 38... Rxc6 39. Rxc6 Bxc6 {KB-KN} 40. Nc3 Kf7 41. f3 Ke6 42. Kf2 Kd6 43. Ke3 Kc5 44. Nd1 f5 45. g3 Ba4 46. Nf2 Bd7 47. f4 Kd6 48. fxe5+ Kxe5 49. Nd3+ Kd6 50. e5+ Kd5 51. Kf4 $1 h6 {aiming for ...Kd4.} 52. h4 {Precision: White = 63%, Black = 60%.} 1/2-1/2

[Event "EYCC Open U12 2018"]
[Site "Riga"]
[Date "2018.08.23"]
[Round "4"]
[White "Sokolovsky, Yahli"]
[Black "Grebnev, Aleksey"]
[Result "1-0"]
[WhiteElo "2062"]
[BlackElo "2143"]
[Annotator "TA"]
[PlyCount "147"]
[EventDate "2018.08.20"]
[EventType "swiss"]
[EventCountry "LAT"]
[SourceTitle "playchess.com"]
[Source "ChessBase"]
[SourceQuality "1"]

{[%evp 14,147,-22,-5,20,3,15,11,18,19,23,7,102,109,125,56,142,22,31,39,36,0,31,32,43,40,41,29,23,17,35,0,0,0,201,189,98,0,0,0,24,12,22,0,139,-22,-25,-20,-28,-481,-476,-468,0,0,0,-297,0,-300,10,11,12,12,16,12,14,0,0,0,0,0,142,140,148,145,164,130,166,0,0,0,0,0,218,6,26,25,33,0,63,28,48,23,29,10,820,828,702,654,460,399,335,292,12837,12838,866,1981,12841,12840,12845,12846,12846,12847,12847,12847,12850,12848,12849,12849,12850,29971,12851,29978,12851,29983,12851,29981,12851,29982,12851,29985,12851,29986,12851,29991,12851,29992]} 1. e4 e6 2. d4 d5 3. e5 c5 4. c3 Nc6 5. Nf3 Bd7 6. Be2 Qb6 7. Na3 {C02: French: Advance Variation} cxd4 8. cxd4 {LiveBook: 5 Games} Nb4 $146 ({Predecessor:} 8... Bb4+ 9. Kf1 Bxa3 10. bxa3 Na5 11. g4 Bb5 12. Bxb5+ Qxb5+ 13. Kg2 Nc4 14. Qb3 {½-½ (61) Dvoirys,S (2569)-Demianjuk,A (2312) Tomsk 2011}) 9. Bd2 {The position is equal.} Ne7 10. Bc3 Nec6 11. O-O Be7 12. Qd2 f6 (12... a6 $11) 13. exf6 $16 gxf6 14. Rfe1 (14. Qh6 $16) 14... O-O-O (14... O-O $14) 15. Nc2 (15. Nb5 $16 Na6 16. Rac1) 15... Nxc2 $1 $11 16. Qxc2 Kb8 17. Reb1 Bd6 18. b4 Ne7 19. b5 Rc8 20. Qd2 Qc7 21. Rb3 e5 22. b6 axb6 {Strongly threatening ...e4.} 23. Rab1 $36 {[%mdl 2048] Hoping for dxe5. White has some pressure.} Bc6 $2 (23... Bf5 $11 {and Black has nothing to worry.} 24. R1b2 e4 25. Rxb6 exf3 26. Rxb7+ Qxb7) 24. Rxb6 $18 e4 25. Ne1 (25. Nh4 $16) 25... Bxh2+ $11 26. Kh1 Qf4 {Threatens to win with ...Qh4.} 27. Qb2 {[%cal Rb6b7]} Rc7 28. Ba6 Kc8 (28... Qh4 $11 {keeps the balance.}) 29. Rxb7 $2 (29. Bxb7+ $16 Bxb7 30. Rxb7) 29... Bxb7 30. Bxb7+ Kd7 {And now ...Bg3! would win.} 31. g3 $2 {[%mdl 8192] [#]} (31. Ba5 $11 {and White is okay.} Qh4 32. Bxc7 Bxc7+ 33. Kg1) 31... Bxg3 $1 $19 32. fxg3 {[#]} Qxg3 $2 (32... Qf1+ $1 $19 33. Kh2 Rb8) 33. Ba5 $11 {[#]} Rg8 $1 {[%csl Gg8][%cal Rg3g1][%mdl 512]} 34. Qh2 $2 {[%mdl 8192] [#]} (34. Ng2 $1 $11) 34... Qxh2+ $1 $19 35. Kxh2 Rc4 $2 (35... Rb8 $19 36. Bxc7 Kxc7 37. Rc1+ Kxb7 38. Rb1+ Kc8 39. Rxb8+ Kxb8) 36. Ba6 $1 $11 Ra8 37. Bxc4 dxc4 38. Rb7+ Ke6 39. Rb5 Nd5 40. a3 f5 41. Nc2 Kd6 (41... f4 $11) 42. Nb4 $16 Ne3 43. Kg3 c3 44. Rc5 {Black must now prevent Kf4.} c2 45. Nxc2 $2 (45. Bc7+ $18 Kd7 46. Kf4 (46. Nxc2 Nxc2 47. Rxc2 Rc8 $11) 46... Rxa3 47. Nxc2 Nxc2 48. Rxc2) 45... Nxc2 $18 {[%mdl 4096] Endgame KRB-KRN} 46. Bc7+ Kd7 47. Rxc2 {aiming for Rc3.} Rxa3+ $2 $11 {KRB-KR} (47... Rc8 $11) 48. Kg2 $2 ({Only move:} 48. Kf4 $18) 48... Ke6 49. Be5 h5 50. Rc1 Kd5 (50... h4 $11) 51. Rc5+ $14 Ke6 52. Bg3 Rf3 53. d5+ {[%cal Bd4d5,Bd5d6][%mdl 32]} Kd7 $2 {[%mdl 8192]} (53... Kf6 $11) 54. Rc7+ $18 Ke8 55. d6 Rd3 56. Re7+ Kd8 57. Rf7 Ke8 $2 (57... Rd2+ 58. Kh3 e3 59. Rxf5 e2 60. Rf8+ (60. Rxh5 Rxd6 61. Re5 Rd2 $11) 60... Kd7 61. Rf7+ Ke6 62. Re7+ Kf6) 58. Rxf5 h4 59. Bf4 h3+ 60. Kh2 e3 61. Re5+ Kd7 62. Re7+ Kc6 63. Kxh3 e2+ 64. Kg2 Rd4 65. Kf3 Rd5 66. Rxe2 Rd4 67. Rc2+ Kd7 68. Rc7+ Ke6 69. Ke3 Rd1 70. Re7+ Kf5 71. Re5+ Kf6 72. Ke4 Kf7 73. Rd5 Re1+ 74. Kf5 {Precision: White = 49%, Black = 32%.} 1-0

[Event "EYCC Open U12 2018"]
[Site "Riga"]
[Date "2018.08.24"]
[Round "5"]
[White "Murzin, Volodar"]
[Black "Makoveev, Ilya"]
[Result "1/2-1/2"]
[WhiteElo "2306"]
[BlackElo "2249"]
[Annotator "NA"]
[PlyCount "74"]
[EventDate "2018.08.20"]
[EventType "swiss"]
[EventCountry "LAT"]
[SourceTitle "playchess.com"]
[Source "ChessBase"]
[SourceQuality "1"]
[TimeControl "40/5400+30:1800+30"]

1. e4 {[%emt 0:00:00]} e6 {[%emt 0:00:08]} 2. d3 {[%emt 0:00:00]} d5 {[%emt 0:00:22]} 3. Nd2 {[%emt 0:00:00]} c5 {[%emt 0:00:53]} 4. Ngf3 {[%emt 0:00:06]} Nc6 {[%emt 0:00:10]} 5. g3 {[%emt 0:00:15]} Nf6 {[%emt 0:00:41]} 6. Bg2 {[%emt 0:00:18]} g6 {[%emt 0:00:54]} 7. O-O {[%emt 0:00:20]} Bg7 {[%emt 0:00:05]} 8. Re1 {[%emt 0:00:03]} O-O {[%emt 0:00:07]} 9. c3 {[%emt 0:00:54]} a5 {[%emt 0:01:23]} 10. a4 {[%emt 0:00:31] LiveBook: 57 Games A08: King's Indian Attack} b6 {[%emt 0:00:17]} 11. e5 {[%emt 0:00:34]} Ng4 {[%emt 0:01:31]} 12. d4 {[%emt 0:00:18]} cxd4 {[%emt 0:00:14]} 13. cxd4 {[%emt 0:00:23]} f6 {[%emt 0:00:11]} 14. h3 {[%emt 0:05:14]} Nh6 {[%emt 0:00:29]} 15. Nf1 $146 {[%emt 0:02:30]} ({Predecessor:} 15. b3 Nf5 16. Nf1 fxe5 17. dxe5 Ba6 {0-1 (33) Vega Gutierrez,S (2427)-Grigoriants,S (2568) Caleta 2018}) 15... Nf7 {[%emt 0:02:05]} 16. exf6 {[%emt 0:02:25]} Qxf6 {[%emt 0:00:24]} 17. Be3 {[%emt 0:00:10]} Ba6 {[%emt 0:14:04]} 18. N1h2 {[%emt 0:04:57]} Nb4 {[%emt 0:15:01]} 19. Ra3 {[%emt 0:06:12]} Rac8 {[%emt 0:04:31]} 20. Rc3 {[%emt 0:01:23]} Qe7 {[%emt 0:10:56]} 21. Bf1 {[%emt 0:20:10]} Bxf1 {[%emt 0:11:15]} 22. Nxf1 {[%emt 0:01:05]} Nd6 {[%emt 0:08:43]} 23. N1d2 {[%emt 0:01:37]} Nc4 {[%emt 0:10:23]} 24. Nxc4 {[%emt 0:05:02]} dxc4 {[%emt 0:01:56]} 25. Nd2 {[%emt 0:05:59]} Nd3 {[%emt 0:01:42]} 26. Rf1 {[%emt 0:00:13]} Qb4 {[%emt 0:01:25]} 27. Qc2 {[%emt 0:01:00]} Qxb2 $11 {[%emt 0:00:51]} 28. Nxc4 {[%emt 0:02:34]} Qxc2 {[%emt 0:00:08]} 29. Rxc2 {[%emt 0:00:01]} Nb4 {[%emt 0:10:35]} 30. Rcc1 {[%emt 0:00:07]} Nd3 {[%emt 0:00:38]} 31. Rc2 {[%emt 0:00:13]} Rfd8 {[%emt 0:02:56]} 32. Rd1 {[%emt 0:01:20]} Nb4 {[%emt 0:00:23]} 33. Rcc1 {[%emt 0:00:02]} Na2 {[%emt 0:00:06]} 34. Rc2 {[%emt 0:02:48]} Nb4 {[%emt 0:00:32]} 35. Rcc1 {[%emt 0:00:01]} Na2 {[%emt 0:00:23]} 36. Rc2 {[%emt 0:00:01]} Nb4 {[%emt 0:00:10]} 37. Rcc1 {[%emt 0:00:02]} Na2 {[%emt 0:00:16]} 1/2-1/2

[Event "EYCC Open U12 2018"]
[Site "Riga"]
[Date "2018.08.24"]
[Round "5"]
[White "Safin, Robert"]
[Black "Silich, Yahor"]
[Result "1/2-1/2"]
[WhiteElo "2156"]
[BlackElo "2043"]
[Annotator "NA"]
[PlyCount "94"]
[EventDate "2018.08.20"]
[EventType "swiss"]
[EventCountry "LAT"]
[SourceTitle "playchess.com"]
[Source "ChessBase"]
[SourceQuality "1"]
[TimeControl "40/5400+30:1800+30"]

1. d4 {[%emt 0:00:00]} Nf6 {[%emt 0:00:00]} 2. Nf3 {[%emt 0:00:00]} g6 {[%emt 0:00:06]} 3. g3 {[%emt 0:00:00]} Bg7 {[%emt 0:00:09]} 4. Bg2 {[%emt 0:00:00]} O-O {[%emt 0:00:27]} 5. c4 {[%emt 0:00:00]} d6 {[%emt 0:00:10]} 6. Nc3 {[%emt 0:00:03]} Nbd7 {[%emt 0:00:31]} 7. O-O {[%emt 0:00:06]} e5 {[%emt 0:00:13]} 8. dxe5 {[%emt 0:00:04]} dxe5 {[%emt 0:00:41]} 9. Qc2 {[%emt 0:00:50]} c6 {[%emt 0:01:19]} 10. Rd1 {[%emt 0:01:36]} Qe7 {[%emt 0:01:17]} 11. e4 {[%emt 0:03:55]} Nc5 {[%emt 0:04:19]} 12. Be3 {[%emt 0:03:37]} Bg4 {[%emt 0:02:50]} 13. h3 {[%emt 0:02:55]} Bxf3 {[%emt 0:01:54]} 14. Bxf3 {[%emt 0:00:07]} Ne6 {[%emt 0:00:50]} 15. Bg2 {[%emt 0:01:42]} Nd7 {[%emt 0:03:30]} 16. Rd2 {[%emt 0:06:29]} Ndc5 {[%emt 0:07:37]} 17. b4 {[%emt 0:04:41]} Nd4 {[%emt 0:02:27]} 18. Qb2 $15 {[%emt 0:09:21]} Nce6 {[%emt 0:01:46]} 19. Rad1 {[%emt 0:13:50]} Rfd8 {[%emt 0:04:48]} 20. c5 {[%emt 0:05:26]} a5 {[%emt 0:03:11]} 21. a3 {[%emt 0:00:35]} axb4 {[%emt 0:00:26]} 22. axb4 {[%emt 0:00:22]} Qc7 {[%emt 0:05:39]} 23. Kh1 {[%emt 0:08:48]} h5 {[%emt 0:15:53]} 24. Bf1 {[%emt 0:01:51]} h4 {[%emt 0:02:45]} 25. Bc4 {[%emt 0:00:46]} Qe7 {[%emt 0:03:45]} 26. Kg2 {[%emt 0:06:25]} Qf6 {[%emt 0:02:56]} 27. Rd3 {[%emt 0:10:37]} Ng5 {[%emt 0:05:54]} 28. Bxg5 {[%emt 0:11:23]} Qxg5 {[%emt 0:00:17]} 29. Ne2 {[%emt 0:00:28]} Qe7 {[%emt 0:03:30]} 30. Nxd4 {[%emt 0:02:17]} Rxd4 {[%emt 0:00:10]} 31. Qb3 {[%emt 0:00:58]} Rad8 {[%emt 0:01:11]} 32. Rf3 {[%emt 0:04:07]} Bf6 {[%emt 0:01:14]} 33. Re1 {[%emt 0:00:05]} Kg7 {[%emt 0:01:57]} 34. Ree3 {[%emt 0:00:07]} Rf8 {[%emt 0:02:49]} 35. Rd3 {[%emt 0:01:13]} Rfd8 {[%emt 0:03:52]} 36. g4 {[%emt 0:01:59]} Rxd3 {[%emt 0:00:33]} 37. Rxd3 {[%emt 0:00:22]} Rxd3 {[%emt 0:01:01]} 38. Qxd3 {[%emt 0:00:10]} Qd8 {[%emt 0:00:59]} 39. Qf3 {[%emt 0:01:00]} Qd7 {[%emt 0:01:19]} 40. Qc3 {[%emt 0:00:00]} Qe7 {[%emt 0:00:00]} 41. Bb3 {[%emt 0:03:22]} Bg5 {[%emt 0:04:05]} 42. b5 {[%emt 0:02:12]} Bf4 {[%emt 0:01:32]} 43. Qc4 {[%emt 0:06:26]} Qd7 {[%emt 0:01:13]} 44. b6 {[%emt 0:06:51]} Kf6 {[%emt 0:03:01]} 45. Ba4 {[%emt 0:04:16]} Ke7 {[%emt 0:04:19]} 46. Bb3 {[%emt 0:01:58]} Kf6 {[%emt 0:00:01]} 47. Ba4 {[%emt 0:02:54]} Ke7 {[%emt 0:00:51]} 1/2-1/2

[Event "EYCC Open U12 2018"]
[Site "Riga"]
[Date "2018.08.24"]
[Round "5"]
[White "Tyurin, Artem"]
[Black "Siniauski, Artsiom"]
[Result "0-1"]
[WhiteElo "2002"]
[BlackElo "2081"]
[Annotator "NA"]
[PlyCount "84"]
[EventDate "2018.08.20"]
[EventType "swiss"]
[EventCountry "LAT"]
[SourceTitle "playchess.com"]
[Source "ChessBase"]
[SourceQuality "1"]
[TimeControl "40/5400+30:1800+30"]

1. d4 {[%emt 0:00:00]} Nf6 {[%emt 0:00:00]} 2. c4 {[%emt 0:00:02]} c6 {[%emt 0:00:00]} 3. Nc3 {[%emt 0:00:21]} d5 {[%emt 0:00:01]} 4. cxd5 {[%emt 0:00:19]} cxd5 {[%emt 0:00:04]} 5. Bf4 {[%emt 0:00:37]} Qb6 {[%emt 0:00:17]} 6. Qd2 {[%emt 0:12:34]} Nc6 {[%emt 0:00:38]} 7. e3 {[%emt 0:02:42]} Bf5 {[%emt 0:00:43]} 8. Bb5 {[%emt 0:10:43]} e6 {[%emt 0:01:46]} 9. a3 {[%emt 0:02:16]} Be7 {[%emt 0:10:28]} 10. Nge2 $15 {[%emt 0:05:35]} O-O {[%emt 0:03:43]} 11. O-O {[%emt 0:00:57]} Na5 {[%emt 0:01:31]} 12. Nc1 {[%emt 0:12:52]} Rac8 {[%emt 0:03:24]} 13. b4 {[%emt 0:09:13]} Nc4 {[%emt 0:00:46]} 14. Bxc4 {[%emt 0:07:59]} Rxc4 {[%emt 0:00:50]} 15. N1e2 {[%emt 0:02:55]} Nh5 {[%emt 0:07:08]} 16. Be5 {[%emt 0:03:07]} f6 {[%emt 0:01:05]} 17. Bg3 {[%emt 0:05:48]} Nxg3 {[%emt 0:07:22]} 18. Nxg3 {[%emt 0:01:33]} Bg6 {[%emt 0:00:08]} 19. f4 {[%emt 0:00:48]} Rfc8 {[%emt 0:00:33]} 20. Rac1 {[%emt 0:04:47]} a5 {[%emt 0:06:23]} 21. f5 {[%emt 0:01:39]} axb4 {[%emt 0:02:25]} 22. fxg6 {[%emt 0:01:06]} bxc3 {[%emt 0:00:53]} 23. gxh7+ {[%emt 0:00:06]} Kh8 {[%emt 0:01:12]} 24. Qd3 {[%emt 0:04:03]} f5 {[%emt 0:05:37]} 25. Rc2 {[%emt 0:01:19]} Bxa3 {[%emt 0:05:24]} 26. Nh5 {[%emt 0:01:52]} Bd6 {[%emt 0:01:01]} 27. g4 {[%emt 0:03:42]} g6 {[%emt 0:03:50]} 28. Nf6 {[%emt 0:01:56]} Qd8 {[%emt 0:03:36]} 29. g5 {[%emt 0:02:01]} Be7 {[%emt 0:02:35]} 30. Ng4 {[%emt 0:00:18]} Bd6 {[%emt 0:06:50]} 31. Nf6 {[%emt 0:00:18]} b5 {[%emt 0:00:46]} 32. h4 {[%emt 0:00:44]} b4 {[%emt 0:00:48]} 33. Rb1 {[%emt 0:00:28]} Be7 {[%emt 0:00:17]} 34. Ng4 {[%emt 0:00:27]} fxg4 {[%emt 0:06:37]} 35. Qxg6 {[%emt 0:00:04]} Qd6 {[%emt 0:00:19]} 36. Rf2 {[%emt 0:01:18]} e5 {[%emt 0:00:21]} 37. Rf6 {[%emt 0:01:24]} Bxf6 {[%emt 0:01:41]} 38. gxf6 {[%emt 0:00:12]} R4c7 {[%emt 0:00:33]} 39. Rf1 {[%emt 0:00:45]} c2 {[%emt 0:01:20]} 40. Kg2 {[%emt 0:00:00]} Rxh7 {[%emt 0:00:00]} 41. dxe5 {[%emt 0:02:16]} Qxe5 {[%emt 0:01:33]} 42. f7 {[%emt 0:00:13]} Qe4+ {[%emt 0:01:43]} 0-1